EL UNIVERSO /

TRADUCCION DE: L'UNIVERS

Uloženo v:
Podrobná bibliografie
Hlavní autor: Couderc, Paul (autor)
Médium: Kniha
Vydání:3a edición
Edice:CUADERNOS ; 39
Témata:
Tagy: Přidat tag
Žádné tagy, Buďte první, kdo vytvoří štítek k tomuto záznamu!

MARC

LEADER 00000nam^a2200000^a^4500
001 000241154
005 20250521000000.0
009 20260310105204.35
035 |a 064197 
037 |a Acervo Xavier Clavigero 
082 |a 523. 1  |b COU 
100 |a Couderc, Paul  |e (autor) 
245 1 3 |a EL UNIVERSO /  |c PAUL COUDERC ; TR. NESTOR MIGUEZ 
250 |a 3a edición 
264 |a BUENOS AIRES :  |b EUDEBA,  |c 1968 
300 |a 151 p. 
336 |a texto  |b txt  |2 rdacontenido 
337 |a sin mediación  |b n  |2 rdamedio 
338 |a volumen  |b nc  |2 rdasoporte 
440 |a CUADERNOS ;  |v 39 
520 |a TRADUCCION DE: L'UNIVERS 
649 |a XX 
650 |a Cosmología 
910 |a Fondo General 
920 |a Impresos - Libros 
930 |a Colección General 
905 |a 101 
901 |a 064197  |b IT1  |c ACC  |i 064197  |u 20250521 
902 |a https://opac.biblio.iteso.mx/vufind/Record/000241154